000 00721nas a2200229 4500
001 BR0707948
003 BR-BrBNA
005 20231205111413.0
007 ta
008 230509b bl.|||p| |||| 00| 00por d
040 _aBR-BrBNA
_bpor
_cBiblioteca Nacional de Agricultura
041 _a(Pt)
072 _aK10; P06
110 1 _aAssociação Brasileira de Produtores de Florestas Plantadas, Brasilia, DF (Brasil)
_9859
245 1 _aBrasil comemora 100 anos de florestas plantadas
650 _aFLORESTA
650 _aPLANTIO
650 _aREFLORESTAMENTO
773 0 _tRevista da Madeira (Brazil)
_x
_g(Apr 2005), v. 15(89) p. 24-26
_wBR0707948
909 _a202311
_bLúcia
_c55
_dLúcia Elande
942 _2AGRIS
_n0
_cANA
999 _c192519
_d192519